000 02427cam a22004098i 4500
001 23754278
003 OSt
005 20260513145916.0
008 240627s2025 nyu b 001 0 eng
010 _a 2024029570
020 _a9781032397580
_q(pbk)
035 _a23754278
040 _aDLC
_beng
_erda
_cDLC
_dDLC
_dMILA_ain
042 _apcc
050 0 0 _aTR145
_b.L32 2025
100 1 _aLangford, Michael,
_d1933-
_eauthor.
240 1 0 _aBasic photography
245 1 0 _aLangford's basic photography :
_bthe guide for serious photographers /
_cMichael Langford, Anna Fox, Richard Sawdon Smith and Andrew Bruce.
246 3 0 _aBasic photography
250 _aEleventh edition.
263 _a2411
264 1 _aNew York, NY :
_bRoutledge,
_c2025.
300 _apages cm
336 _atext
_btxt
_2rdacontent
337 _aunmediated
_bn
_2rdamedia
338 _avolume
_bnc
_2rdacarrier
504 _aIncludes bibliographical references and index.
520 _a"This seminal photography text, now in its 11th edition, has been revamped, reorganized, and modernized to include the most up-to-date and need to know information for photographers. Introducing all the key concepts and fundamentals of photography, this book is a must have for any photographer's bookcase. Providing examples and practical information throughout to allow photographers to apply concepts to their own work, the text explains the fundamentals of photography in an accessible way. Fully updated to reflect the dynamic changes in the industry, this 11th edition includes expanded and updated content focusing on advances in camera technology and digital lighting, connecting with the global photography industry and professional networks through social media, updated images throughout, and a new chapter on new digital outputs. Ideal as a foundational text for students of photography as well as a key reference for professionals"--
_cProvided by publisher.
650 0 _aPhotography.
700 1 _aFox, Anna,
_eauthor.
700 1 _aSmith, Richard Sawdon,
_eauthor.
700 1 _aBruce, Andrew
_c(Photographer),
_eauthor.
776 0 8 _iOnline version:
_aLangford, Michael, 1933-
_tLangford's basic photography.
_bEleventh edition
_dNew York, NY : Routledge, 2025
_z9781003351245
_w(DLC) 2024029571
906 _a7
_bcbc
_corignew
_d1
_eecip
_f20
_gy-gencatlg
942 _2lcc
_cBK
999 _c2674
_d2674